Tehqeeqat nahuiya (Record no. 1227493)

MARC details
000 -LEADER
fixed length control field 00591nam a2200217Ia 4500
005 - DATE AND TIME OF LATEST TRANSACTION
control field 20241129110140.0
008 - FIXED-LENGTH DATA ELEMENTS--GENERAL INFORMATION
fixed length control field 241129s9999||||xx |||||||||||||| ||und||
020 ## - INTERNATIONAL STANDARD BOOK NUMBER
International Standard Book Number 9789957071432
037 ## - SOURCE OF ACQUISITION
Stock number TB
040 ## - CATALOGING SOURCE
Original cataloging agency ARTS
Language of cataloging eng
Transcribing agency ARTS
041 ## - LANGUAGE CODE
Language code of text/sound track or separate title eng
Source of code ara
084 ## - COLON CLASSIFICATION NUMBER
Classification number P:3 28Q4
Assigning agency ARTS
100 ## - MAIN ENTRY--PERSONAL NAME
Personal name Samrai Fazil Saleh Au.
9 (RLIN) 586883
245 #0 - TITLE STATEMENT
Title Tehqeeqat nahuiya
Statement of responsibility, etc. Samrai Fazil Saleh Au.
260 ## - PUBLICATION, DISTRIBUTION, ETC.
Place of publication, distribution, etc. Oman, Oman
Name of publisher, distributor, etc. Oman Darul fikr
Date of publication, distribution, etc. 2014
300 ## - PHYSICAL DESCRIPTION
Extent 111p.
365 ## - TRADE PRICE
Price type code INR
Price amount 1250
650 ## - SUBJECT ADDED ENTRY--TOPICAL TERM
Topical term or geographic name entry element LinguistcsGrammar
9 (RLIN) 727186
942 ## - ADDED ENTRY ELEMENTS (KOHA)
Koha item type Textbook
Classification part P:3 28Q4
Holdings
Withdrawn status Lost status Damaged status Not for loan Home library Current library Date acquired Source of acquisition Cost, normal purchase price Inventory number Total Checkouts Full call number Barcode Date last seen Price effective from Koha item type
        Arts Library Arts Library 2024-11-29 Nadwi Publications 1250.00 1723 & 27/01/2024   P:3 28Q4 AL1803527 2024-11-29 2024-11-29 Textbook
Copyright @ Delhi University Library System